The promise of UHF satellites for mobile, broadcast, and low-cost services and related new communications allocations, operations, and policies /

Bibliographic Details
Main Author: Hult, John L., 1916-
Corporate Author: Rand Corporation
Format: Book
Language:English
Published: [Santa Monica, Calif.] : [Rand Corp.], [1969]
Subjects:

MARC

Tag First Indicator Second Indicator Subfields
LEADER 00000cam a2200000 a 4500
001 in00001108613
005 20150930060705.0
008 911203s1969 cau b 000 0 eng d
035 |a (OCoLC)24880594 
035 |9 AFU5675AM 
040 |a NYG  |c NYG  |d TXA  |d UtOrBLW 
049 |a TXAM 
090 |a AS36  |b .R28 P-4071 
092 |a 320.973072  |b R186, 88-400, P-4071 
100 1 |a Hult, John L.,  |d 1916- 
245 1 4 |a The promise of UHF satellites for mobile, broadcast, and low-cost services and related new communications allocations, operations, and policies /  |c J.L. Hult. 
264 1 |a [Santa Monica, Calif.] :  |b [Rand Corp.],  |c [1969] 
300 |a 46 pages ;  |c 28 cm. 
336 |a text  |b txt  |2 rdacontent 
337 |a unmediated  |b n  |2 rdamedia 
338 |a volume  |b nc  |2 rdacarrier 
500 |a Cover title. 
500 |a "May 1969." 
500 |a "P-4071." 
650 0 |a Artificial satellites in telecommunication. 
650 0 |a Radio relay systems. 
650 0 |a Radio frequency allocation. 
710 2 |a Rand Corporation. 
999 |a MARS 
999 f f |s 526903bb-b53e-36a9-90ab-75660ccdb657  |i 7f9c99e4-550e-3e47-bc09-339451a1adcd  |t 0 
952 f f |p ric  |a Texas A&M University  |b Rellis Campus  |c Joint Library Facility  |d Remote Storage  |t 0  |e AS36 .R28 P-4071  |h Library of Congress classification  |i unmediated -- volume  |m A14816913551 
998 f f |a AS36 .R28 P-4071  |t 0  |l Remote Storage